000 00542cam a22002051 4500
001 ne 68004423
003 DLC
005 20260227111849.0
008 890327r1964uuuutu 000 0 tur
010 _ane 68004423
035 _a(OCoLC)23572625
040 _aDLC
_cMiU
_dDLC
042 _apremarc
050 0 0 _aPL248.K34
_bM4 1964
100 1 _aKaray, Refik Halit,
_d1888-1965.
245 1 0 _aMemleket hikâyeleri.
250 _a3. basılış.
260 _aİstanbul,
_bİnkılâp ve Aka Kitabevleri,
_c1964.
300 _a152 p.
_c20 cm.
999 _c51004
_d51004